02190naa a2200193 a 450000100080000000500110000800800410001910000200006024501040008026000090018452015670019365300220176065300220178265300220180470000250182670000210185170000310187277300930190310691792010-04-22 2001 bl uuuu u00u1 u #d1 aMOURA, T. L. de aOrganog??nese in vitro de Citrus em fun????o de concentra????es de bap e seccionamento do explante. c2001 aO sucesso de t??cnicas biotecnol??gicas no melhoramento in vitro de Citrus depende diretamente do desenvolvimento de protocolos eficientes para regenera????o de plantas. Objetivou-se avaliar o efeito de concentra????es de 6-benzilaminopuria (BAP) na organog??nese in vitro de lim??o-'Cravo' e laranja-'P??ra', bem como o efeito do seccionamento do explante em laranja-Val??ncia'. Para o lim??o-'Cravo', foram utilizados como explante, segmentos internodais de pl??ntulas germinadas in vitro, cultivados em meio MT e variando-se as concentra????es de BAP em 0; 2,5; 5; 7,5 e 10 mg.L-??. Nas laranjas-'P??ra' e 'Val??ncia' os explantes foram segmentos do epic??tilo de pl??ntulas germinadas in vitro. Os explantes de laranja-'P??ra' foram cultivados em meio MT variando-se as concentra????es de BAP em 0; 1; 2; 3 e 4 mg.L-??. Para a laranja-'Val??ncia', metade dos explantes foram seccionados e cultivados em meio MT acrescido de 1,0 mg.L-?? de BAP. Todas as brota????es obtidas foram alongadas no meio de cultura MT + 25 g.L-?? de sacarose + 1 mg.L-?? de ??cido giber??lico (GA??) e enraizadas no meio MT + 25 g.L-?? de sacarose + 0,5 g.L-?? de carv??o ativado + 1 mg.L-?? de ??cido naftaleno ac??tico (ANA). O melhor resultado para o n??mero de brota????es advent??cias foi obtido na concentra????o 2,5 mg.L-?? de BAP para lim??o-'Cravo', e nas concentra????es 1,0 e 2,0 mg.L-?? de BAP para laranja-'P??ra'. O seccionamento dos explantes favoreceu a organog??nese in vitro da laranja-'Val??ncia', por??m as brota????es apresentaram menor ??ndice de enraizamento. aBenzilaminopurina aCultura de tecido aMicropropaga????o1 aALMEIDA, W. A. B. de1 aMENDES, B. M. J.1 aMOUR??O FILHO, F. de A. A. tRevista Brasileira de Fruticultura, Jaboticabal, SPgv. 23, n. 2, p. 240-245, ago. 2001.